Statistiques concernant Les gens rencontrés à La Baule

Cliquez ici pour prendre le quiz!

Statistiques générales

  • Ce quiz a été pris 4 fois
  • Le résultat moyen est 6 sur 20

Statistiques - réponses

Réponse% Correct
Thomas
100%
Anne-Lise
50%
Arthur
50%
Amandine
25%
Clovis
25%
Domitille
25%
Flavia
25%
Flavio
25%
Hugo
25%
Loriane
25%
Maleaume
25%
Manon
25%
Orane
25%
Romane
25%
Romane
25%
Salvator
25%
Victor
25%
Angele
0%
Charlotte
0%
Fanny
0%

Distribution des résultats

Percentile par nombre de réponses

% des personnes avec chaque résultat

Votre développement - résultats

Vous n’avez pas pris ce quiz